|
|
|
|
| LEADER |
00000naa a2200000 i 4500 |
| 001 |
publ207 |
| 005 |
20151110113018.0 |
| 008 |
151110s2012 hu o 000 zxx d |
| 040 |
|
|
|a BGE Publikációtár Repozitórium
|b hun
|
| 100 |
1 |
|
|a Blumné Bán Erika
|
| 245 |
1 |
2 |
|a A dokumentációs kontrollok fejlesztése a belső ellenőrzési kontrollrendszerben
|c Blumné Bán Erika
|h [elektronikus dokumentum]
|
| 260 |
|
|
|a Budapesti Gazdasági Főiskola
|b Budapest
|c 2012
|
| 300 |
|
|
|a 383-393
|
| 490 |
0 |
|
|a Tudományos Évkönyv 2011: Útkeresés és növekedés
|
| 650 |
|
4 |
|a közgazdaságtudományok
|
| 695 |
|
|
|a Controlling - Kontrolling (tervezési és szervezetirányítási tev.)
|
| 695 |
|
|
|a Belső ellenőrzés
|
| 856 |
4 |
0 |
|u https://publikaciotar.uni-bge.hu/id/eprint/207/1/Blumn%C3%A9%20B%C3%A1n%20Erika%20-%20A%20dokument%C3%A1ci%C3%B3s%20kontrollok%20fejleszt%C3%A9se%20a%20bels%C3%B4%20ellen%C3%B4rz%C3%A9si%20kontrollrendszerben.pdf
|z Dokumentum-elérés
|